00796 2200205 4500001002100000005001500021035002000036008004100056245003600097100001800133250000600151260003800157300001200195084001400207082000800221650001000229520032700239990001200566990001200578INLIS00000000000087620240604093625 a0010-0524000111240604 1 ind 1 aNight Of Chaos /cJofry Hadi S. aHadi S, Jofry a1 aYogyakarta :bSheila/ Andi,c2007 a316 hlm a813 JOF n a813 4aFiksi aSemuanya berawal ketika virus tak dikenal menyerang GigaEmpire, perusahaan raksasa pemegang paten OR. Bagaimana mungkin virus itu merusak OR sistem sekuriti paling tangguh di dunia? Kehancuran mulai membayangi GigaEmpire...kecuali mereka sanggup memecahkan kode rahasia yang rumit. Hanya orang jenius yang bisa membuatnya. a0741352 a0741353